| 000 | 00686nam a22002297a 4500 | ||
|---|---|---|---|
| 003 | DO-SdBNP | ||
| 005 | 20240305120928.0 | ||
| 008 | 171030b 1972| 00| 0 spa d | ||
| 040 |
_aBPMSU _bspa _cBPMSU |
||
| 082 | 4 |
_aCu863.3 _bM378a 1972 _222 |
|
| 100 | 1 |
_aMartí, José _d1853-1895 |
|
| 245 | 1 | 0 |
_aAntología / _cJosé Martí ; edición Julio Ortega |
| 260 |
_aMadrid : _bSalvat ; _c1972. |
||
| 300 |
_a167 p. ; _c19 cm. |
||
| 490 | 0 | _aBiblioteca general salvat | |
| 590 | _aInventariado, 2024/VM | ||
| 650 | 4 |
_aPoesía cubana _vColecciones |
|
| 650 | 4 |
_aLiteratura cubana _vColecciones |
|
| 700 | 1 |
_aOrtega, Julio, _eed. |
|
| 910 | _aVMateo V. Control de calidad. BPMSU | ||
| 942 |
_2ddc _cBK |
||
| 999 |
_c9687 _d9687 |
||